000
00504nam a2200181Ia 4500
008
090123s9999 xx 000 0 und d
082
_b
38337
100
_a
सरदेसाई मीना
245
_a
पालखी
250
_a
1
260
_b
मधुश्री प्रकाशन
_c
2005
300
_a
136
600
_a
सरदेसाई मीना
630
_a
पालखी
700
_a
सरदेसाई मीना
730
_a
पालखी
942
_c
BOOK
999
_c
76402
_d
76402